书目信息 |
| 题名: |
产品责任法
|
|
| 作者: | 欧文 著 ;董春华 译 | |
| 分册: | ||
| 出版信息: | 北京 中国政法大学出版社 2012.04 |
|
| 页数: | 428页 | |
| 开本: | 21cm | |
| 丛书名: | ||
| 单 册: | ||
| 中图分类: | D971.23 | |
| 科图分类: | ||
| 主题词: | 产品责任法--研究--美国 , 产品责任法 | |
| 电子资源: | ||
| ISBN: | 978-7-5620-4175-7 | |
| 000 | 00870nam0 2200265 450 | |
| 001 | 010010097169 | |
| 005 | 20130427083927.59 | |
| 010 | @a978-7-5620-4175-7@dCNY39.00 | |
| 100 | @a20120517d2012 em y0chiy50 ea | |
| 101 | 1 | @achi |
| 102 | @aCN@b110000 | |
| 105 | @ay z 001yy | |
| 106 | @ar | |
| 200 | 1 | @a产品责任法@9chan pin ze ren fa@dProducts liability@f戴维·G.欧文(Prof. David G. Owen)著@g董春华译@zeng |
| 210 | @a北京@c中国政法大学出版社@d2012.04 | |
| 215 | @a428页@d21cm | |
| 330 | @a本书主要内容包括:责任理论;产品缺陷;因果关系;抗辨;特殊事项。 | |
| 510 | 1 | @aProducts liability@zeng |
| 606 | 0 | @a产品责任法@x研究@y美国 |
| 606 | 0 | @a产品责任法 |
| 690 | @aD971.23@v5 | |
| 701 | 0 | @a欧文@9ou wen@c(Owen, Prof. David G.@f1945-)@4著 |
| 702 | 0 | @a董春华@9dong chun hua@4译 |
| 801 | 0 | @aCN@bRENTIAN@c20120517 |
| 905 | @b542201-05@dD971.23@e80@f5 | |
| 产品责任法=Products liability/戴维·G.欧文(Prof. David G. Owen)著/董春华译.-北京:中国政法大学出版社,2012.04 |
| 428页;21cm |
| ISBN 978-7-5620-4175-7:CNY39.00 |
| 本书主要内容包括:责任理论;产品缺陷;因果关系;抗辨;特殊事项。 |
| ● |
| 相关链接 |
|
|
|
|
正题名:产品责任法
索取号:D971.23/80
 
预约/预借
| 序号 | 登录号 | 条形码 | 馆藏地/架位号 | 状态 | 备注 |
| 1 | 542201 | 205422014 | 第一样本阅览室/ [索取号:D971.23/80] | 在馆 | |
| 2 | 542202 | 205422023 | 第一借阅区/ [索取号:D971.23/80] | 在馆 | |
| 3 | 542203 | 205422032 | 第一借阅区/ [索取号:D971.23/80] | 在馆 | |
| 4 | 542204 | 205422041 | 第一借阅区/ [索取号:D971.23/80] | 在馆 | |
| 5 | 542205 | 205422050 | 史法系资料室/ [索取号:D971.23/80] | 在馆 |